000 00297nam a22001097a 4500
008 140218t xxu||||| |||| 00| 0 eng d
020 _a0-9755860-0-9
100 _aAnwar Dil
_9741
245 _aIntercultural Education
_breminiscences of U.S. International University
300 _a432
942 _2ddc
_cBK
999 _c16998
_d16998